Statistics for Shawns of the NFL

Click here to take the quiz!

General Stats

  • This quiz has been taken 94 times
    (58 since last reset)
  • The average score is 7 of 11

Answer Stats

PositionCareerFirst NameLast Name% Correct
RB2007–2019MarshawnLynch
94%
Coach2006–SeanPayton
92%
WR2008–DeseanJackson
78%
RB2009–2020LeSeanMcCoy
78%
CB2017–MarshonLattimore
71%
WR2012–2020AlshonJeffery
63%
QB2017–2020DeShoneKizer
51%
RB2009–2014KnowshonMoreno
45%
WR1996–2006KeyshawnJohnson
35%
LB2005–2012ShawneMerriman
31%
RB2009–2014ShonnGreene
22%

Score Distribution

Percentile by Number Answered

Percent of People with Each Score

Your Score History

You have not taken this quiz since the last reset